Normal view MARC view
  • Pakistan--Punjab

Entry Topical Term

Number of records used in: 1

001 - CONTROL NUMBER

  • control field: 118596

003 - CONTROL NUMBER IDENTIFIER

  • control field: NUST

005 - DATE AND TIME OF LATEST TRANSACTION

  • control field: 20231105145820.0

008 - FIXED-LENGTH DATA ELEMENTS

  • fixed length control field: 231105|| aca||aabn | a|a d

040 ## - CATALOGING SOURCE

  • Original cataloging agency: NUST
  • Transcribing agency: NUST

150 ## - HEADING--TOPICAL TERM

  • Topical term or geographic name entry element: Pakistan--Punjab
  • Topical term or geographic name entry element: Politics and government

670 ## - SOURCE DATA FOUND

  • Source citation: Work cat.: (NUST): Punjab (Pakistan). Court of Inquiry; 118595, Report of the Court of Inquiry constituted under Punjab act II of 1954 to enquire into the Punjab disturbances of 1953 commonly known as Munir Inquiry Report, 2007.
© 2023 Central Library, National University of Sciences and Technology. All Rights Reserved.